| 000 -LEADER |
| fixed length control field |
00633cam a2200205 a 4500 |
| 020 ## - INTERNATIONAL STANDARD BOOK NUMBER |
| ISBN |
0471628840 |
| 040 ## - CATALOGING SOURCE |
| Transcribing agency |
DLC |
| 082 00 - DEWEY DECIMAL CLASSIFICATION NUMBER |
| Classification number |
574 WIL 1992 A057 Or. |
| 245 00 - TITLE STATEMENT |
| Title |
Biodiversity of the southeastern United States : |
| Remainder of title |
aquatic communities / |
| 260 ## - PUBLICATION, DISTRIBUTION, ETC. (IMPRINT) |
| Place of publication |
New York : |
| Name of publisher |
Wiley, |
| Year of publication |
c1992. |
| 300 ## - PHYSICAL DESCRIPTION |
| Number of Pages |
xiii, 779 p. : |
| Other physical details |
ill., maps ; |
| Dimensions |
25 cm. |
| 650 #0 - SUBJECT ADDED ENTRY--TOPICAL TERM |
| Topical Term |
Aquatic ecology |
| 650 #0 - SUBJECT ADDED ENTRY--TOPICAL TERM |
| Topical Term |
Biotic communities |
| 650 #0 - SUBJECT ADDED ENTRY--TOPICAL TERM |
| Topical Term |
Aquatic biodiversity |
| 700 1# - ADDED ENTRY--PERSONAL NAME |
| Personal name |
Hackney, Courtney Thomas. |
| 700 1# - ADDED ENTRY--PERSONAL NAME |
| Personal name |
Adams, S. Marshall. |
| 700 1# - ADDED ENTRY--PERSONAL NAME |
| Personal name |
Martin, William Haywood, |
| 856 4# - ELECTRONIC LOCATION AND ACCESS |
| Uniform Resource Identifier |
http://www.loc.gov/catdir/toc/onix01/91024296.html |
| 942 ## - ADDED ENTRY ELEMENTS (KOHA) |
| Koha item type |
សៀវភៅភាសាអង់គ្លេស |
| 952 ## - LOCATION AND ITEM INFORMATION (KOHA) |
| Withdrawn status [LOCAL, KOHA] |
0 |